| 000 | 00558nam a22002057a 4500 | ||
|---|---|---|---|
| 003 | OSt | ||
| 005 | 20160426153724.0 | ||
| 008 | 160426b xxu||||| |||| 00| 0 eng d | ||
| 020 | _a9780415860208 | ||
| 040 | _cDDC | ||
| 082 | _a362.5 GHO 2007 | ||
| 100 |
_aEl-Ghonemy, M. Riad _98310 |
||
| 245 | _aThe crisis of Rural Poverty and Hunger:an essay.... | ||
| 260 | _aLondon; Routledge, 2007 | ||
| 300 | _axviii,229p; ill: 24cm | ||
| 504 | _aNotes, bibliography, & index included | ||
| 650 |
_aPoverty _98 |
||
| 650 |
_aHunger _98311 |
||
| 942 |
_2z _cO_SHELF |
||
| 999 |
_c3774 _d3774 |
||